Normal view MARC view

Entry Personal Name

Number of records used in: 2

001 - CONTROL NUMBER

  • control field: 129

003 - CONTROL NUMBER IDENTIFIER

  • control field: AR-FvUNAJ

005 - DATE AND TIME OF LATEST TRANSACTION

  • control field: 20120721035515.0

008 - FIXED-LENGTH DATA ELEMENTS

  • fixed length control field: 120721|| aca||aabn | a|a d

040 ## - CATALOGING SOURCE

  • Original cataloging agency: AR-FvUNAJ
  • Transcribing agency: AR-FvUNAJ

100 ## - HEADING--PERSONAL NAME

  • Personal name: Félez, Jesús

670 ## - SOURCE DATA FOUND

  • Source citation: Work cat.: (AR-FvUNAJ): Félez, Jesús, Fundamentos de ingeniería gráfica /, 1996.

Lunes a Viernes 8:30 a 19:00 hs. Cerrado por mudanza
Av.Calchaqui 6200 Florencio Varela (CP188) 2°piso Edificio Mosconi Aula 209-210
Mail: bibliotecacentralunaj@gmail.com  
Whatsapp(54 9)1122668024    ❔Pregunte a la bibliotecaria
© Universidad Nacional Arturo Jauretche | Secretaría Académica | Biblioteca Central UNAJ